Prog rock band members - Statistics

General Stats
  • This quiz has been taken 14 times
    8 since last reset
  • The average score is 21 of 70
Answer Stats
Hint Extra Hint Answer % Correct
ELP drums Carl Palmer
86%
ELP keyboards Keith Emerson
86%
King Crimson guitar Robert Fripp
86%
Pink Floyd bass, voice Roger Waters
86%
Rush voice, bass, keyboards Geddy Lee
71%
ELP voice, bass, guitar Greg Lake
71%
Jethro Tull voice, guitar, flute, sax Ian Anderson
71%
Rush drums (1974-2015) Neil Peart
71%
Genesis voice, flute, percussions (1967-1975) Peter Gabriel
71%
Genesis drums, voice Phil Collins
71%
Yes drums (1973-1981, 1982-2004, 2009-2022) Alan White
57%
Renaissance voice (from 1971) Annie Haslam
57%
Yes drums (1968-1972) Bill Bruford
57%
Pink Floyd guitar (from 1968) David Gilmour
57%
Yes voice, percussions (1968-1980, 1982-1987, 1990-2004) Jon Anderson
57%
Genesis bass, guitar Mike Rutherford
57%
Van der Graaf generator voice Peter Hammill
57%
Pink Floyd keyboards Richard Wright
57%
Yes keyboards (1971-1974 and then on-and-off) Rick Wakeman
57%
Yes guitar, voice (1970-1981 and then on-and-off) Steve Howe
57%
Focus voice, flute, Hammond Thijs van Leer
57%
Genesis keyboards Tony Banks
57%
Rush guitar Alex Lifeson
43%
Genesis guitar (1967-1970) Anthony Phillips
43%
Yes bass, voice (until 2015) Chris Squire
43%
King Crimson sax, flute (1970-1972 and then from 2003) Mel Collins
43%
Yes keyboards (1974-1975) Patrick Moraz
43%
Curved Air voice Sonja Kristina
43%
Genesis guitar (1970-1977) Steve Hackett
43%
King Crimson bass (1981-1997 and then from 2003) Tony Levin
43%
Yes guitar (1982-1995) Trevor Rabin
43%
Camel voice, guitar, flute Andrew Latimer
29%
Marillion voice (1980-1988) Derek "Fish" Dick
29%
Soft Machine drums, voice (1966-1971) Robert Wyatt
29%
Marillion guitar Steve Rothery
29%
Yes keyboards (1968-1972, 1982-1983, 1985-1995) Tony Kaye
29%
Wishbone Ash voice Andy Powell
14%
Caravan keyboards Dave Sinclair
14%
Styx voice, keyboards, accordion (1972-1999) Dennis DeYoung
14%
Banco del mutuo soccorso voice (1971-2014) Francesco Di Giacomo
14%
Van der Graaf generator drums Guy Evans
14%
Van der Graaf generator keyboards, bass, guitar Hugh Banton
14%
The Moody Blues guitar, voice Justin Hayward
14%
Jethro Tull guitar (1968-2011) Martin Barre
14%
Marillion bass Pete Trewavas
14%
Caravan voice, guitar Pye Hastings
14%
Styx voice, guitar (1975-1983 and then from 1995) Tommy Shaw
14%
Le Orme voice, guitar, bass, sitar Aldo Tagliapietra
0%
Camel drums (1971-1983) Andy Ward
0%
Jethro Tull drums (1971-1980) Barriemore Barlow
0%
Curved Air violin Darryl Way
0%
Colosseum keyboards, voice (1968-1971, 1994-2010) Dave Greenslade
0%
Van der Graaf generator wind instruments David Jackson
0%
Pavlov's Dog voice David Surkamp
0%
Gentle Giant voice, sax, bass Derek Shulman
0%
PFM drums Franz Di Cioccio
0%
Jethro Tull bass (1970-1975) Jeffrey Hammond
0%
Jethro Tull bass (1975-1979) John Glasgock
0%
Quatermass bass, voice John Gustafson
0%
Renaissance keyboards (1970-1980) John Tout
0%
Renaissance bass (1972-1985) Jon Camp
0%
Le Orme drums Michi Dei Rossi
0%
PFM bass Patrick Djivas
0%
Camel keyboards (1971-1978) Peter Bardens
0%
Gentle Giant bass, violin, trumpet Ray Shulman
0%
Kansas violin, voice (1973-1982, 1997-2006) Robby Steinhardt
0%
Pavlov's Dog guitar (1972-1977) Steve Scorfina
0%
Kansas voice, keyboards, guitar (1973-1982, 1985-2014) Steve Walsh
0%
Wishbone Ash bass (1982-1985) Trevor Bolder
0%
Banco del mutuo soccorso keyboards Vittorio Nocenzi
0%
No matching quizzes found
Score Distribution
Percent of People with Each Score
Percentile by Number Answered
Your Score History
You have not taken this quiz since the last reset